000 00578nam a2200217Ia 4500
003 OSt
005 20230330162041.0
008 210423s2008 xx 000 0 und d
020 _a9788174466723
040 _cAL
041 _aeng
082 _a658 GOPB
100 _aGOPAL (R);MANJREKAR (Pradip)
_980488
245 _aBPO/KPO management: an industry perspective
260 _aNew Delhi
_bExcel Books
_c2008
300 _aix,356
_bPB
365 _b595
_cINR
650 _aManagement
_980489
906 _aBPO/KPO ; industry ; Management ; perspective
942 _2ddc
_cBK
999 _c157651
_d157651